000 00187nam a22000977a 4500
003 SGT
245 _aFluoride
260 _bWiley Publisher
_c2013-2014
300 _a250,260
942 _2ddc
_cBV
999 _c30206
_d30206